00000000nam##2200000za#4500
0019.624813
003CaOODSP
00520200327181558
007ta
008150406|1998||||xxc|||||     f|0| 0 fre|d
040 |aCaOODSP|bfre
043 |an-cn---
0861 |aFs97-6/2208F
1101 |aCanada. |bMinistère des pêches et des océans.
24510|aProtocoles d'échantillonnage des captures commerciales de poissons et d'invertébrés marins du golfe du Saint-Laurent / |cpar J.-D. Lambert et B. Ménager.
260 |aOttawa - Ontario : |bPêches et Océans Canada |c1998.
300 |ax, 246p. : |bfigures, graphiques, références, tableaux ; |c28 cm.
4901 |aRapport technique canadien des sciences halieutiques et aquatiques|v2208
500 |a«Ce document constitue la référence de base des protocoles utilisés lors de l'échantillonnage des captures commerciales de poissons et d'invertébrés marins du golfe du Saint-Laurent. Les formulaires, les codes et les procédures y sont décrits autant pour l'échantillonnage à bord des navires de pêche que pour celui du débarquement. Ce document s'adresse aux organismes responsable de l'acquisition des données biologiques d'espèces marines.»--Résumé. Préparé par la Direction régionale des sciences, ministère des Pêches et Océans, Institut Maurice-Lamontagne, 850, route de la Mer, C.P. 1000, Mont-Joli (Québec) G5H 3Z4.
5203 |aCe document constitue la référence de base des protocoles utilisés lors de l'échantillonnage des captures commerciales de poissons et d'invertébrés marins du golfe du Saint-Laurent. Les formulaires, les codes et les procédures y sont décrits autant pour l'échantillonnage à bord des navires de pêche que pour celui du débarquement. Ce document s'adresse aux organismes responsable de l'acquisition des données biologiques d'espèces marines.--Résumé
546 |aAbstracts in English
563 |aCouverture souple
590 |a98-30|b1998-07-24
7201 |aLambert, J.-D.
7201 |aMénager, B.
7760#|tProtocoles d'échantillonnage des captures commerciales de poissons et d'invertébrés marins du golfe du Saint-Laurent / |w(CaOODSP)9.604031
830#0|aRapport technique canadien des sciences halieutiques et aquatiques ;|v2208|w(CaOODSP)9.513051